Proceedings Of The Indian National Institute Sciences Vol.26 - B (Record no. 590922)

MARC details
000 -LEADER
fixed length control field 00534nam a2200145Ia 4500
008 - FIXED-LENGTH DATA ELEMENTS--GENERAL INFORMATION
fixed length control field 100415s9999 xx 000 0 und d
082 ## - DEWEY DECIMAL CLASSIFICATION NUMBER
Item number 7971
Classification number 500
100 ## - MAIN ENTRY--PERSONAL NAME
Personal name Indian National Science Academy
245 ## - TITLE STATEMENT
Title Proceedings Of The Indian National Institute Sciences Vol.26 - B
260 ## - PUBLICATION, DISTRIBUTION, ETC. (IMPRINT)
Place of publication, distribution, etc NEW DELHI
Date of publication, distribution, etc 1952
Name of publisher, distributor, etc Indian National Science Academy
365 ## - TRADE PRICE
Price amount 0
630 ## - SUBJECT ADDED ENTRY--UNIFORM TITLE
Uniform title Proceedings Of The Indian National Institute Sciences Vol.26 - B
730 ## - ADDED ENTRY--UNIFORM TITLE
Uniform title Proceedings Of The Indian National Institute Sciences Vol.26 - B
942 ## - ADDED ENTRY ELEMENTS (KOHA)
Koha item type Book
Holdings
Withdrawn status Lost status Damaged status Not for loan Home library Current library Date acquired Cost, normal purchase price Total Checkouts Full call number Barcode Date last seen Price effective from Koha item type
        Bombay Natural History Society Bombay Natural History Society 01/05/1973 0.00   500 7971 BNHS-7971 04/15/2010 04/15/2010 Book